000 00278 a2200121 4500
001 86714
082 _a920.2 JAV
090 _c40808
_d40808
100 _aJavaid Hashmi
245 _aTahta Dar Kay Sae Talay
_hUrdu
260 _aLahore
_bJahangir Books
_c2007
300 _a312p.
942 _aCAE NUST
_k920.2 JAV
999 _c321787
_d321787